| 000 | 00988nam a2200265Ia 4500 | ||
|---|---|---|---|
| 003 | OSt | ||
| 005 | 20221005110500.0 | ||
| 006 | a|||||r|||| 00| 0 | ||
| 007 | ta | ||
| 008 | 221004b |||||||| |||| 00| 0 hin d | ||
| 020 |
_a9788121407595 (hbk) _cINR 750.00 |
||
| 024 | _a41496 | ||
| 037 |
_b306, 25/02/2019, Eastern Book Linkers _cTextual |
||
| 040 |
_aCRL _cCRL _bhin |
||
| 041 |
_2hin _ahin |
||
| 082 | _aNW44w, 152Q4 | ||
| 100 | _aशर्मा, किशन, ले. | ||
| 245 | 0 | _aफिल्म जगत के अंतरंग संस्मरण | |
| 246 | _aFilma jagat ke aantaranga sansmaraṇa | ||
| 260 |
_aनई दिल्ली _bनेशनल पब्लिशिंग हाउस भारत _c2014 |
||
| 300 |
_a315पृ0 _ccm. |
||
| 650 |
_aललित कला _9156314 |
||
| 942 |
_hNW44w, 152Q4 _cTEXL _2cc |
||
| 999 |
_c1018969 _d1018969 |
||